000 00723nam a2200289Ia 4500
005 20260324145252.0
008 008 260324s9999 xx 000 0 eng d
020 _a9781351028547
037 _aEBOOK
040 _aCRL
040 _beng
040 _cCRL
041 _2eng
041 _aeng
084 _qCRL
100 _aPeter Mortimore; Jean Davies; Andreas Varlaam; Anne West
_91222363
245 0 _aBehaviour Problems in Schools
245 3 _bAn Evaluation of Support Centres
260 _bTaylor and Francis
260 _c1983
365 _a
365 _b115
856 _uhttp://www.taylorfrancis.com/books/9781351028547
942 _cEBOOK
999 _c1830031
_d1830031